| 000 | 00951nam a2200253Ia 4500 | ||
|---|---|---|---|
| 999 |
_c41017 _d41017 |
||
| 001 | 7665 | ||
| 003 | GE_BSU | ||
| 005 | 20220921103228.0 | ||
| 008 | 181216s||||||||xx |||||||||||||| ||und|| | ||
| 020 | _a978–9941-434-34-1 | ||
| 040 | _cGE_BSU | ||
| 080 | _a811.111’38 D-96 | ||
| 100 |
_aDvalidze,Nino Shavladze,Tea _914652 |
||
| 245 | 2 |
_aA Lecture-Course in Stylistics : _bFor The Stylistic Analysis of English Texts / _cNino Dvalidze, Tea Shavladze, Editor. Tamar Siradze. |
|
| 264 |
_aBatumi : _bShota Rustaveli State University, _c2013. |
||
| 300 |
_a225 Page; _b29 Cm. |
||
| 653 | _aA Lecture-Course in Stylistics | ||
| 653 | _aლექციის -კურსი სტილისტიკაში | ||
| 653 | _aინგლისური ენა | ||
| 700 |
_aShavladze, Tea _913362 |
||
| 700 |
_a Siradze, Tamar _eრედაქტორი _914653 |
||
| 710 |
_aShota Rustaveli State University _914654 |
||
| 942 |
_cBK _2udc |
||